000 004960000a22001690004500
003 MACL
005 20160309123552.0
008 160309b xxu||||| |||| 00| 0 eng d
040 _aMACL
_cMACL
041 _aHindi
082 _a891.433
100 _aशर्मा नरेन्‍द्र
_939963
245 _aमिटटी आैर फूल
260 _bभारती भण्‍डार
_aइलाहाबाद
650 _aPoetry
_944010
942 _cHIN
_k891.431
_2ddc
999 _c23948
_d23948